000 01129nam a22003137a 4500
003 EG-GICUC
005 20260124233410.0
008 260124s1997 ua ||||fr|||| 00| 0 ara d
017 _a1996/11989
020 _a9771921290
040 _a EG-GICUC
_bara
_c EG-GICUC
_d EG-GICUC
_erda
041 _aara
082 0 4 _221
_a343.317
_bص ل . ب
092 0 4 _221
099 _aLaw1 10 343.317 1997
100 0 _aصلاح الدين جمال الدين
_eمؤلف.
245 _aبطلان القبض :
_bدراسة فى أحكام محكمة النقض الجنائى /
_cصلاح الدين جمال الدين
264 _a[مكان النشر غير محدد] :
_b[ الناشر غير محدد] ,
_c1997.
300 _a171 صفحة;
_c24 سم
336 _2rda content
_atext
337 _2rda media
_aComputer
338 _2rda carrier
_aOnline Resource
546 _aالنص باللغة العربية
650 1 _aقانون جنائي
650 1 _aبطلان الإجراءات الجنائية
856 4 0 _uhttps://fll.law.cu.edu.eg/fulltext/bks/B10-05579.pdf
905 _a44
942 _2ddc
_cBK
_e21
_n0
999 _c59156
_d59156